Ekonomické a sociálne súvislosti vstupu SR do EÚ - prínosy a riziká
Vstup SR do EÚ je spojený s rozpočtovými efektami, ktoré sú ovplyvnené rôznymi faktormi. Ovplyvnenie príjmovej stránky štátneho rozpočtu. Štruktúrne fondy a Fond kohézie. Predvstupové fondy EÚ. Odhad priamych platieb poľnohospodárstvu z EÚ.
Salvato in:
| Natura: | Capitolo di libro |
|---|---|
| Lingua: | slovacco |
| Soggetti: | |
| Tags: |
Nessun Tag, puoi essere il primo ad aggiungerne!!
|
MARC
| LEADER | 00000naa a2200000 4500 | ||
|---|---|---|---|
| 001 | r047301 | ||
| 005 | 20230927092045.8 | ||
| 041 | 0 | |a slo | |
| 044 | |a SK | ||
| 245 | 1 | 0 | |a Ekonomické a sociálne súvislosti vstupu SR do EÚ - prínosy a riziká |
| 520 | |a Vstup SR do EÚ je spojený s rozpočtovými efektami, ktoré sú ovplyvnené rôznymi faktormi. Ovplyvnenie príjmovej stránky štátneho rozpočtu. Štruktúrne fondy a Fond kohézie. Predvstupové fondy EÚ. Odhad priamych platieb poľnohospodárstvu z EÚ. | ||
| 610 | 2 | 0 | |a spolupráca hospodárska medzinárodná |
| 610 | 2 | 0 | |a financie verejné |
| 610 | 2 | 0 | |a poľnohospodárstvo |
| 610 | 2 | 0 | |a dotácie |
| 610 | 2 | 0 | |a programy rozvojové |
| 610 | 2 | 0 | |a fond kohézny |
| 610 | 2 | 0 | |a fondy štruktúrne |
| 610 | 2 | 0 | |a rozpočty |
| 610 | 2 | 0 | |a Európska únia |
| 610 | 2 | 0 | |a Slovensko |